| 000 | 01262nam0a22003131 4500 | ||
|---|---|---|---|
| 001 | rc\4666395 | ||
| 005 | 20260406090115.0 | ||
| 021 |
_aRU _b[67-73099] |
||
| 035 | _a(NLR Aleph) 008699778 | ||
| 090 |
_a9291394 _c9291394 |
||
| 100 | _a20130416d1967 |||y0rusy50 ca | ||
| 101 | 0 | _arus | |
| 102 | _aRU | ||
| 105 | _aa z ||||| | ||
| 200 | 1 |
_aРуководство по электроискровому легированию _fАН Молд. ССР. Ин-т прикл. физики |
|
| 210 |
_aКишинев _cБ. и. _d1967 |
||
| 215 |
_a141 с. _cчерт. _d21 |
||
| 300 | _aПеред загл. авт.: Ю.Н. Петров, И.И. Сафронов, С.П. Фурсов | ||
| 320 | _aБиблиогр.: с. 125-128 (51 назв.) | ||
| 606 |
_aУпрочнение металлов _xЭлектроискровый способ _2psbo |
||
| 700 | 1 |
_7ca _8rus _aПетров _bЮ. Н. _cд-р техн. наук, электролиз _f1921-1990 _gЮрий Николаевич _3RU\NLR\AUTH\770280655 _92652622 |
|
| 701 | 1 |
_aСафронов _bИ.И. |
|
| 701 | 1 |
_aФурсов _bС.П. _gСергей Петрович |
|
| 801 | 0 |
_aRU _bNLR _gpsbo |
|
| 801 | 1 |
_aRU _bELAR _2rusmarc |
|
| 852 |
_aNLR _j67-5/4145 |
||
| 942 | _cBOOK | ||
| 980 | _aNB | ||